00281nam a2200121Ia 4500003000400000005001700004008004100021020001900062040001700081100001500098245002100113260002500134OSt20240229155734.0170524s9999 xx 000 0 und d a978-8184350043 ciimtu meerut aYADAV- K P 0aMEDIA MANAGEMENT bADHYAYAN : NEW DELHI